El ordenamiento jurídico de la libertad de prensa / (Record no. 39810)

MARC details
000 -LEADER
campo de control de longitud fija 00521nam a2200169 i 4500
001 - NÚMERO DE CONTROL
campo de control 39810
003 - IDENTIFICADOR DE NÚMERO DE CONTROL
campo de control ES-MaACL
005 - FECHA Y HORA DE LA ÚLTIMA TRANSACCIÓN
campo de control 20230906160103.0
007 - CAMPO FIJO DE DESCRIPCIÓN FÍSICA--INFORMACIÓN GENERAL
campo de control de longitud fija t|
008 - DATOS DE LONGITUD FIJA--INFORMACIÓN GENERAL
campo de control de longitud fija 030304s1960 sp ||||1| spa d
100 1# - ENTRADA PRINCIPAL--NOMBRE DE PERSONA
Nombre de persona Cantero Cuadrado, Pedro.
9 (RLIN) 34652
245 13 - MENCIÓN DEL TÍTULO
Título El ordenamiento jurídico de la libertad de prensa /
Mención de responsabilidad, etc. Mons. Cantero, Obispo de Huelva.
260 ## - PUBLICACIÓN, DISTRIBUCIÓN, ETC.
Lugar de publicación, distribución, etc. Pamplona :
Nombre del editor, distribuidor, etc. [s.n.,
Fecha de publicación, distribución, etc. 1960]
300 ## - DESCRIPCIÓN FÍSICA
Extensión 47 p. ;
Dimensiones 18 cm.
500 ## - NOTA GENERAL
Nota general Public. del Estudio General de Navarra.
852 ## - LOCALIZACIÓN
Ubicación ES-MaACL
Número de control de estantería 2010-F-5
Sublocalización o colección R.45858
Holdings
Estatus retirado Estado de pérdida Estado de daño No para préstamo Colección Biblioteca de origen Biblioteca actual Ubicación en estantería Fecha de adquisición Fuente de adquisición Total de préstamos Signatura topográfica completa Código de barras Visto por última vez Precio de reemplazo Tipo de ítem Koha
        Colección de folletos Biblioteca del Ateneo de Madrid Biblioteca del Ateneo de Madrid Depósito folletos 17/01/2008     2010-F-5 1041921 23/02/2023 23/02/2023 Folleto